|
|
|
|
| LEADER |
00000nam0a2200000 4500 |
| 001 |
361733 |
| 005 |
20231102011422.0 |
| 035 |
|
|
|a (RuTPU)RU\TPU\retro\19079
|
| 090 |
|
|
|a 361733
|
| 100 |
|
|
|a 20210630d1980 km y0rusy50 ca
|
| 101 |
0 |
|
|a rus
|
| 102 |
|
|
|a UA
|
| 105 |
|
|
|a a z 001zy
|
| 200 |
1 |
|
|a Теплопроводность и конвективный теплообмен
|f Академия наук Украинской ССР, Институт технической теплофизики ; отв. ред. В. И. Голубинский
|
| 210 |
|
|
|a Киев
|c Наука думка
|d 1980
|
| 215 |
|
|
|a 108 с.
|c ил.
|
| 320 |
|
|
|a Библиогр. в конце ст.
|
| 606 |
1 |
|
|a Тепловые процессы в технологических системах
|2 stltpush
|3 (RuTPU)RU\TPU\subj\71724
|9 85507
|
| 610 |
1 |
|
|a тепломассообмен
|
| 610 |
1 |
|
|a теплопроводные свойства
|
| 610 |
1 |
|
|a конвективный теплообмен
|
| 610 |
1 |
|
|a конвективный тепломассообмен
|
| 610 |
1 |
|
|a теплообменные расчеты
|
| 610 |
1 |
|
|a теплообменники
|
| 610 |
1 |
|
|a циркуляционные системы
|
| 610 |
1 |
|
|a двигатели внутреннего сгорания
|
| 610 |
1 |
|
|a турбулентные течения
|
| 610 |
1 |
|
|a теплоотдача
|
| 675 |
|
|
|a 621.1.016.4
|v 4
|
| 702 |
|
1 |
|a Голубинский
|b В. И.
|4 340
|
| 712 |
0 |
2 |
|a Академия наук Украинской ССР
|b Институт технической теплофизики
|c (Киев)
|2 stltpush
|3 (RuTPU)RU\TPU\col\1122
|9 23520
|
| 801 |
|
1 |
|a RU
|b 63413507
|c 20210630
|
| 942 |
|
|
|c BK
|